000 00289nam a2200097Ia 4500
008 220216s9999 xx 000 0 und d
100 _aGopalakrishnan K S
245 0 _aLatex protein allergy
260 _bPresented in Latex Protein seminar held at Madras, September 1993.
_c1993
942 _cJS
999 _c62064
_d62064